Singin' and swingin' and gettin' merry like ... Read More
Available copies
- 1 of 1 copy available at LARL/NWRL Consortium. (Show)
- 1 of 1 copy available at Northwest Regional Library.
Current holds
0 current holds with 1 total copy.
Show Only Available Copies
| Location | Call Number / Copy Notes | Barcode | Shelving Location | Status | Due Date |
|---|---|---|---|---|---|
| Warroad Public Library | 921 ANG (Text) | 35500001165834 | Main | Available | - |
Record details
- ISBN: 0394405455
- Physical Description: 269 p. ; 22 cm.
- Publisher: New York : Random House, c1976.
Content descriptions
| General Note: | Autobiography. |
Search for related items by subject
| Subject: | Angelou, Maya > Biography. Authors, American > 20th century > Biography. Entertainers > Biography. |
| LDR | 00920cam a2200277 i 4500 | ||
|---|---|---|---|
| 001 | 7885 | ||
| 003 | LARL_NWRL_CONSORTIUM | ||
| 005 | 19840821212715.0 | ||
| 008 | 760429s1976 nyu 000 0aeng | ||
| 010 | . | ‡a76016580 //r842 | |
| 020 | . | ‡a0394405455 | |
| 035 | . | ‡a(OCoLC)2213357 | |
| 040 | . | ‡aDLC ‡cDLC ‡dm.c. ‡dLAL | |
| 043 | . | ‡an-us--- | |
| 082 | . | ‡a790.2/092/4 ‡aB | |
| 092 | . | ‡a921 ‡bAng | |
| 100 | 1 | . | ‡aAngelou, Maya. ‡0(LARL_NWRL_CONSORTIUM)632 |
| 245 | 1 | 0. | ‡aSingin' and swingin' and gettin' merry like Christmas / ‡cMaya Angelou. |
| 260 | . | ‡aNew York : ‡bRandom House, ‡cc1976. | |
| 300 | . | ‡a269 p. ; ‡c22 cm. | |
| 500 | . | ‡aAutobiography. | |
| 600 | 1 | 0. | ‡aAngelou, Maya ‡vBiography. |
| 650 | 0. | ‡aAuthors, American ‡y20th century ‡vBiography. ‡0(LARL_NWRL_CONSORTIUM)163260 | |
| 650 | 0. | ‡aEntertainers ‡vBiography. ‡0(LARL_NWRL_CONSORTIUM)19496 | |
| 901 | . | ‡a7885 ‡bOCLC ‡c7885 ‡tbiblio | |

Add to basket
Permalink
Disable Highlighting